000 00572nam a22001937a 4500
999 _c9426
_d9426
003 AR-CdUCM
008 190328b ||||| |||| 00| 0 spa d
040 _aMUNICIPALIDAD PROVINCIAL DEL CUSCO
_cBIBLIOTECA MUNICIPAL DEL CUSCO
082 _a848.9 /
_bT57 / 1902
100 _aTinayre, Marcela
_925608
245 _aLa casa del pecado /
260 _aValencia :
_bPrometeo,
_c1902.
300 _a359 páginas ;
_c19 cm.
505 _aNovela
650 _aNovela Francesa
_910657
700 _aCansinos Assens, R. (traductor)
_925609
942 _2ddc
_cLIBROS
945 _aacv